Newcastle International Airport Destinations (Newcastle Upon Tyne, UK) - Statistics

General Stats
  • This quiz has been taken 170 times
    61 since last reset
  • The average score is 46 of 88
Answer Stats
Airline Destination % Correct
Aer Lingus/Ryanair Dublin
100%
British Airways London (Heathrow)
93%
Aer Lingus Belfast (City)
91%
easyJet Belfast (International)
91%
easyJet/KLM Amsterdam
88%
Air Fance/easyJet Paris (Charles de Gaulle)
86%
Jet2.com Rome (Fiumicino)
86%
Eurowings/Jet2.com Berlin
84%
Emirates Dubai (International)
84%
Aegean Airlines Athens
81%
Jet2.com/Ryanair Barcelona
79%
easyJet/Jet2.com/Ryanair Faro
74%
Lufthansa Frankfurt
74%
Jet2.com/Ryanair/TUI Airways Tenerife (South)
74%
Jet2.com/Ryanair/TUI Airways Ibiza
70%
Jet2.com/Ryanair Kraków
70%
easyJet Nice
70%
Jet2.com Porto
70%
easyJet/Jet2.com/Ryanair/TUI Airways Alicante
67%
Jet2.com/Ryanair/TUI Airways Gran Canaria
67%
Jet2.com Vienna
67%
Jet2.com/Norwegian Air Shuttle Copenhagen
65%
easyJet/Jet2.com/TUI Airways Geneva
65%
easyJet/Jet2.com/Ryanair/TUI Airways Málaga
65%
Jet2.com/TUI Airways Menorca
65%
easyJet Bristol
63%
Jet2.com/Ryanair/TUI Airways Lanzarote
63%
easyJet/Jet2.com/TUI Airways Corfu
60%
easyJet/Jet2.com/Ryanair/TUI Airways Palma de Mallorca
60%
easyJet/Jet2.com/TUI Airways Rhodes
60%
Corendon Airlines/easyJet/Jet2.com/ SunExpress/TUI Airways Antalya
58%
Jet2.com Budapest
58%
Jet2.com/TUI Airways Heraklion
56%
Jet2.com/TUI Airways Dubrovnik
53%
Jet2.com/TUI Airways Kos
53%
easyJet/Jet2.com Malta
53%
Ryanair Riga
53%
TUI Airways Sal
53%
Loganair Southampton
53%
Jet2.com/TUI Airways Zakynthos
53%
Eurowings Düsseldorf
51%
Blue Islands/Jet2.com Jersey
51%
TUI Airways Naples
51%
Jet2.com/Ryanair/TUI Airways Paphos
51%
easyJet/Jet2.com Prague
51%
TUI Airways Turin
51%
Ryanair Wrocław
51%
Blue Islands Guernsey
49%
Jet2.com/TUI Airways Larnaca
49%
Jet2.com Marrakesh
49%
TUI Airways Sofia
49%
Jet2.com Thessaloniki
49%
Jet2.com/Ryanair Fuerteventura
47%
Jet2.com/Ryanair Gdańsk
47%
Jet2.com Bergen
44%
Jet2.com/TUI Airways Agadir
42%
easyJet/Jet2.com/SunExpress/TUI Airways Dalaman
42%
Jet2.com Funchal
42%
Jet2.com Palermo
42%
TUI Airways Salzburg
42%
Jet2.com/TUI Airways Verona
42%
Ryanair Zadar
42%
Jet2.com Bodrum
40%
Jet2.com İzmir
40%
Jet2.com Reykjavik
40%
Jet2.com Santorini
40%
Ryanair Bergamo
37%
Loganair Exeter
37%
TUI Airways Cancún
35%
Jet2.com/Ryanair Chania
35%
TUI Airways Hurghada
35%
easyJet/TUI Airways Sharm El Sheikh
35%
Jet2.com/TUI Airways Burgas
33%
Jet2.com Cologne/Bonn
33%
easyJet/Jet2.com/TUI Airways Reus
30%
Jet2.com Grenoble
28%
TUI Airways Melbourne/Orlando
28%
easyJet/TUI Airways Enfidha
26%
Jet2.com Girona
26%
TUI Airways Innsbruck
26%
Jet2.com/TUI Airways Kefalonia
26%
Loganair Newquay
26%
Jet2.com/TUI Airways Skiathos
23%
TUI Airways Barbados
19%
TUI Airways Kittilä
19%
Jet2.com Preveza/Lefkada
19%
TUI Airways Rovaniemi
19%
Jet2.com Chambéry
16%
No matching quizzes found
Score Distribution
Percent of People with Each Score
Percentile by Number Answered
Your Score History
You have not taken this quiz since the last reset